| 000 | 00513nam a2200181Ia 4500 | ||
|---|---|---|---|
| 005 | 20250603144710.0 | ||
| 008 | 250603s9999 xx 000 0 und d | ||
| 020 | _a9781032552231 | ||
| 050 | _aR 855.3 .C66/ | ||
| 100 | _aEdited by khang, Alex | ||
| 245 | 0 | _aComputer vision and artificial intelligence-integrated Internet of things technologies in the medical ecosystem | |
| 260 | _aLondon | ||
| 260 | _bCRC Press | ||
| 260 | _c2024 | ||
| 300 | _axvii, 430p.: ill. | ||
| 650 | _aLondon | ||
| 942 | _cBK | ||
| 999 |
_c39693 _d39693 |
||